Statistics for NFL Teams by Regular Season Win-Loss Record

Click here to take the quiz!

General Stats

  • This quiz has been taken 40 times
  • The average score is 7 of 32

Answer Stats

Games PlayedWin-Loss-TiedPct.Answer% Correct
1,386770-578-38.569Green Bay Packers
96%
932527-399-6.569Dallas Cowboys
57%
1,420778-600-42.563Chicago Bears
43%
850468-378.553Miami Dolphins
35%
306136-170-0.444Houston Texans
30%
418177-241-0.425Jacksonville Jaguars
30%
934520-405-9.562New England Patriots
30%
1,380568-771-41.426Arizona Cardinals
26%
402226-175-1.563Baltimore Ravens
26%
1,355702-620-33.530New York Giants
26%
1,222644-557-21.536Pittsburgh Steelers
26%
710280-429-1.395Tampa Bay Buccaneers
26%
1,283567-683-33.455Detroit Lions
22%
418202-215-1.484Carolina Panthers
17%
934426-426-12.537Kansas City Chiefs
17%
1,238591-620-27.488Philadelphia Eagles
17%
710368-341-1.519Seattle Seahawks
17%
1,252611-613-28.499Washington Football Team
17%
920495-414-11.544Minnesota Vikings
13%
850369-475-6.438Atlanta Falcons
9%
934439-487-8.474Buffalo Bills
9%
934490-434-10.530Denver Broncos
9%
934460-463-11.498Los Angeles Chargers
9%
836388-443-5.467New Orleans Saints
9%
934410-516-8.443New York Jets
9%
1,106591-499-16.542San Francisco 49ers
9%
822364-453-5.446Cincinnati Bengals
4%
1,002487-506-11.491Cleveland Browns
4%
1,016534-475-7.529Indianapolis Colts
4%
934483-440-11.523Las Vegas Raiders
4%
1,185589-575-21.506Los Angeles Rams
4%
934452-476-6.487Tennessee Titans
4%

Score Distribution

Percentile by Number Answered

Percent of People with Each Score

Your Score History

You have not taken this quiz